| 000 | 00654nam a2200193 a 4500 | ||
|---|---|---|---|
| 001 | BRCA_6212 | ||
| 005 | 20190320205354.0 | ||
| 008 | 180711s1923----mx-#######---#000-0#spa-# | ||
| 050 | 4 |
_aKB329 _b.M4 1923 |
|
| 245 | 1 | 0 |
_aLey sobre relaciones familiares _bcomentada y concordada con el Código Civil vigente en el Distrito Federal, y leyes extranjeras, _cpor el Lic. Eduardo Pallares. |
| 250 | _a2 | ||
| 260 |
_aMéxico _bLibrería de la Vda. de Ch. Bouret _c1923 |
||
| 300 |
_a198 p. _c20 cm. |
||
| 500 | _aK71 | ||
| 650 | 1 | 4 |
_aDerecho civil _erelaciones familiares _yMéxico _915619 |
| 700 | 1 |
_aPallares, Eduardo _915620 |
|
| 902 | _aGFM | ||
| 942 |
_2lcc _cB |
||
| 999 |
_c5899 _d5899 |
||